Havarijné zhoršenia akosti vôd

Bibliographic Details
Main Author: Geisbacher, Daniel (Author)
Format: Article
Language:Slovak
Subjects:

MARC

LEADER 00000nab a2200000 a 4500
001 vtls000406870
003 SK-MaSNL
005 20260302232130.0
008 120924c1988 xo 0 slo
015 |a SNBRA19rr/mm-uuuuu 
035 |a CL0406994 
040 |a SNKBUCL  |b slo  |c SNKBUCL  |e AACR2 
041 0 |a slo 
044 |a xo  |c SK 
080 |a 628.19(437.6)  |2 1981 
080 |a 628.543  |2 1981 
100 1 |a Geisbacher, Daniel  |4 aut  |9 963877 
245 1 0 |a Havarijné zhoršenia akosti vôd  |c Daniel Geisbacher 
650 0 7 |a kvalita vôd  |2 snkbucl  |9 963878 
655 7 |a články zo zborníkov  |2 snkbucl  |9 166140 
773 0 |t Osemnásta konferencia závodných a podnikových vodohospodárov  |d Žilina : Dom techniky ČSVTS, 1988 
850 |a Slovenská národná knižnica v Martine  |a MTA001 
852 |a SNK  |b KIS3GCP 
958 |a RK 
992 |a RZB 
999 |c 1541580  |d 1543510